|
|
|
|
| LEADER |
00000cas a22000004a 4500 |
| 001 |
vtls001450004 |
| 003 |
SK-MaSNL |
| 005 |
20260221113818.0 |
| 008 |
030220d19221942xr r p 0 0b0cze c |
| 035 |
|
|
|a SNK000405288
|
| 040 |
|
|
|a SNK
|b slo
|c SNK
|e AACR2
|
| 245 |
0 |
0 |
|a Věstník československých profesorů
|b list Ústředního spolku českosl. profesoru
|
| 260 |
|
|
|a Praha
|b Ústřední spolek československých profesorů
|c 1922-1942
|
| 310 |
|
|
|a Periodicita nie je známa
|
| 362 |
0 |
|
|a Roč. 29 (1921/22) - roč. 49 (1941/42)
|
| 500 |
|
|
|a U posledných dvoch roč. návrat na názov Vestník slovenských profesorov
|
| 910 |
|
|
|a snk
|
| 999 |
|
|
|c 2721
|d 4651
|
| 952 |
|
|
|0 0
|1 1
|4 0
|7 0
|a SNK
|b SNK
|d 2003-02-20
|l 0
|o snkČB 108/30/1923
|p 17A0373843
|r 2005-01-02 00:00:00
|w 2026-02-21
|y PREZ
|